000 00890nam a22002057a 4500
999 _c8169
_d8169
003 AR-CdUCM
008 190322b ||||| |||| 00| 0 spa d
040 _aMUNICIPALIDAD PROVINCIAL DEL CUSCO
_cBIBLIOTECA MUNICIPAL DEL CUSCO
082 _a631.7 /
_bOR6
100 _aOre, Maria Teresa
_923045
245 _aRiego y organización :
_bEvolución histórica y experiencias actuales en el Perú /
260 _aPerú :
_c1989.
300 _a80 paginas ;
_c20 cm.
505 _aContenido : El riego en la historia agraria peruana -- El riego y su organización en las sociedades prehispánicas -- La reforma agraria peruana y la nueva organización social del riego : el código de aguas de 1969 --Practicas de riego y patrones culturales...
650 _aRiego
_921019
650 _aOrganización social
_97806
650 _aReforma agraria
_91861
942 _2ddc
_cLIBROS
945 _awnts